000 00623nam a2200157 i 4500
001 145775
003 ES-MaACL
005 20230906201317.0
007 t|
008 071016s1921 sp ||||1| spa d
100 1 _aVergara Martín, Gabriel María.
_9114089
245 1 0 _aNoticias histórico-geográficas acerca de los nuevos estados de Europa y de las diversas modificaciones que han experimentado los demás
_b: con un mapa del estado de Europa en 1921 /
_cGabriel María Vergara.
260 _aMadrid :
_bLibrería de los Sucesores de Hernando,
_c1921.
300 _a162 p. ;
_c19 cm.
852 _aES-MaACL
_j1610-F-18
999 _c145775
_d145775